Clinical neurotoxicology : (Record no. 17465)

000 -LEADER
fixed length control field 00658cam a22002054a 4500
020 ## - INTERNATIONAL STANDARD BOOK NUMBER
ISBN 9780323052603
020 ## - INTERNATIONAL STANDARD BOOK NUMBER
ISBN 0323052606
040 ## - CATALOGING SOURCE
Transcribing agency DLC
082 00 - DEWEY DECIMAL CLASSIFICATION NUMBER
Classification number 616 SAU 2009 A115 Or.
245 00 - TITLE STATEMENT
Title Clinical neurotoxicology :
Remainder of title syndromes, substances, environments /
260 ## - PUBLICATION, DISTRIBUTION, ETC. (IMPRINT)
Place of publication Philadelphia, PA :
Name of publisher Saunders/Elsevier,
Year of publication c2009.
300 ## - PHYSICAL DESCRIPTION
Number of Pages xxii, 691 p., [15] p. of plates :
Other physical details ill. (some col.), maps (some col.) ;
Dimensions 29 cm.
500 ## - GENERAL NOTE
General note "Expert consult title"--P. [4] of cover.
650 #0 - SUBJECT ADDED ENTRY--TOPICAL TERM
Topical Term Neurotoxicology.
650 12 - SUBJECT ADDED ENTRY--TOPICAL TERM
Topical Term Neurotoxicity Syndromes.
650 22 - SUBJECT ADDED ENTRY--TOPICAL TERM
Topical Term Nervous System
650 22 - SUBJECT ADDED ENTRY--TOPICAL TERM
Topical Term Neurotoxins.
700 1# - ADDED ENTRY--PERSONAL NAME
Personal name Dobbs, Michael R.
942 ## - ADDED ENTRY ELEMENTS (KOHA)
Koha item type ADB
952 ## - LOCATION AND ITEM INFORMATION (KOHA)
Withdrawn status [LOCAL, KOHA] 0
952 ## - LOCATION AND ITEM INFORMATION (KOHA)
Withdrawn status [LOCAL, KOHA] 0
Holdings
Permanent Location Date acquired Koha item type Lost status Shelving location Barcode Current Location Full call number
Library Block A2018-11-28សៀវភៅភាសាអង់គ្លេស A115A35985Library Block A616 SAU 2009 A115 Or.
Library Block A2018-11-28សៀវភៅភាសាអង់គ្លេស A115A35719Library Block A616 SAU 2009 A115 Or.
មជ្ឈមណ្ឌលឯការនៃសាកលវិទ្យាល័យភូមិន្ទកសិកម្មចំការដូង

Powered by Koha